Enciclopedia de paz y conflictos
Guardat en:
| Autor principal: | |
|---|---|
| Format: | Llibre |
| Idioma: | espanyol |
| Publicat: |
Granada
Universidad de Granada
2004
|
| Col·lecció: | Eirene
|
| Matèries: | |
| Etiquetes: |
Afegir etiqueta
Sense etiquetes, Sigues el primer a etiquetar aquest registre!
|
MARC
| LEADER | 00000nam a2200000 a 4500 | ||
|---|---|---|---|
| 001 | UCI6972 | ||
| 003 | CL-VaPUC | ||
| 008 | 080605e20040000SP |||||||||||||||||spa|d | ||
| 020 | |a 8433830953 o.c | ||
| 082 | 0 | 4 | |a 030 |b LOP |2 21 |
| 100 | |a López Martínez, Mario |e autor |9 530087 | ||
| 245 | 1 | 0 | |a Enciclopedia de paz y conflictos |
| 300 | |a 2 v | ||
| 942 | |c BK | ||
| 945 | |d 20080605 00:00:00 |a rbrito | ||
| 260 | |a Granada |b Universidad de Granada |c 2004 | ||
| 500 | |a v.1: A-K | ||
| 500 | |a v.2 : L-Z | ||
| 650 | 0 | |a Enciclopedias |9 264135 | |
| 650 | 0 | |a Diccionarios |9 256200 | |
| 583 | |a last modification |c 20080605 00:00:00 |k Rodrigo Vera | ||
| 490 | 0 | |a Eirene | |
| 999 | |c 330403 |d 330401 | ||
| 952 | |0 0 |1 0 |4 0 |6 030_000000000000000_LOP_2004 |7 0 |8 A |9 415924 |a BIBHIS |b BIBHIS |d 2019-11-22 |h v.1 |i 4445430 |o 030 LOP 2004 |p 4445430 |r 2025-01-20 |w 2019-11-22 |y BK |k HIS | ||
| 952 | |0 0 |1 0 |4 0 |6 030_000000000000000_LOP_2004 |7 0 |8 A |9 415925 |a BIBHIS |b BIBHIS |d 2019-11-22 |h v.2 |i 4445449 |o 030 LOP 2004 |p 4445449 |r 2025-01-20 |w 2019-11-22 |y BK |k HIS | ||